000
00298nam a2200145Ia 4500
100
_a
Atkinson/ Leon
942
_c
BK
654
_a
Computer
245
_a
Core PHP Programming
260
_b
Pearson Edu
_a
Asia
_c
2001
082
_a
5.74
_b
ATK
300
_a
769
546
_a
ENGLISH
999
_c
21688
_d
21688